000
00449nam a2200169Ia 4500
008
090711s9999 xx 000 0 und d
082
_b
79997
100
_a
काकडे द. स.
245
_a
वंश
260
_b
चंद्रमौळी प्रकाशन
_c
1997
300
_a
160
600
_a
काकडे द. स.
630
_a
वंश
700
_a
काकडे द. स.
730
_a
वंश
942
_c
BOOK
999
_c
321265
_d
321265